Catálogo
 En Linea

R.D & Geología / (Registro nro. 58092)

Detalles MARC
000 -CABECERA
campo de control de longitud fija 01661nab a2200265 a 4500
005 - FECHA Y HORA DE LA ÚLTIMA TRANSACCIÓN
campo de control 20250203075321.0
007 - CAMPO FIJO DE DESCRIPCIÓN FÍSICA--INFORMACIÓN GENERAL
campo de control de longitud fija ta
008 - DATOS DE LONGITUD FIJA--INFORMACIÓN GENERAL
campo de control de longitud fija 250128e2009 dr uu|p|r||||||0| | spa d
022 ## - NÚMERO INTERNACIONAL NORMALIZADO PARA PUBLICACIONES SERIADAS
Número Internacional Normalizado para Publicaciones Seriadas 2636-1981
040 ## - FUENTE DE LA CATALOGACIÓN
Centro catalogador/agencia de origen DO-SdBNP
Centro/agencia transcriptor DO-SdBNP
Normas de descripción rda
041 ## - CÓDIGO DE LENGUA
Código de lengua original spa
100 ## - ENTRADA PRINCIPAL--NOMBRE DE PERSONA
Nombre de persona Gil Ángeles, Juan
9 (RLIN) 86921
Término indicativo de función/relación editor
245 ## - MENCIÓN DE TÍTULO
Título R.D & Geología /
Mención de responsabilidad, etc. Juan Gil Ángeles
264 ## - PRODUCCIÓN, PUBLICACIÓN, DISTRIBUCIÓN, FABRICACIÓN Y COPYRIGHT
Producción, publicación, distribución, fabricación y copyright Santo Domingo, República Dominicana :
Nombre del de productor, editor, distribuidor, fabricante Sociedad Dominicana de Geología (SODOGEO),
Fecha de producción, publicación, distribución, fabricación o copyright 2009.
300 ## - DESCRIPCIÓN FÍSICA
Extensión página 2 ;
Dimensiones 28 cm
310 ## - PERIODICIDAD ACTUAL
Periodicidad actual Desconocida.
336 ## - TIPO DE CONTENIDO
Término de tipo de contenido texto
Código de tipo de contenido txt
Fuente rdaconten
337 ## - TIPO DE MEDIO
Nombre/término del tipo de medio sin mediación
Código del tipo de medio n
Fuente rdamedia
338 ## - TIPO DE SOPORTE
Nombre/término del tipo de soporte volumen
Código del tipo de soporte nc
Fuente rdacarrier
362 ## - FECHAS DE PUBLICACIÓN Y/O DESIGNACIÓN SECUENCIAL
Fecha de publicación y/o designación secuencial Volumen 6, No. 24, Mayo 2009.
521 ## - NOTA DE PÚBLICO DESTINATARIO
Nota de público destinatario A principios de este siglo y ante el interés de nuestro país por relanzar nuestra industria minera como consecuencia de la reapertura de la mina de oro de Pueblo Viejo; de la instauración de una Secretaría de Estado de Medio Ambiente y Recursos Naturales y la promulgación de la ley sobre el Medio Ambiente; del vertiginoso desarrollo de la industria de la construcción que incluía edificaciones de gran envergadora, así como los acuciantes conflictos originados con la extracción de agregados para la construcción, la Sodogeo comprendió la urgente necesidad de formar en el país profesionales y técnicos en Geología para hacer frente a los requerimientos de todas esas actividades de tipo minero, ambiental y geotecnico...
650 #0 - PUNTO DE ACCESO ADICIONAL DE MATERIA--TÉRMINO DE MATERIA
Término de materia o nombre geográfico como elemento de entrada Geología
9 (RLIN) 26253
Subdivisión de forma Publicaciones periódicas
Subdivisión geográfica República Dominicana
773 0# - ENLACE AL DOCUMENTO FUENTE/ENTRADA DE REGISTRO ANFITRIÓN
Número bibliográfico anfitrión 58091
Número de ítem anfitrión 320150
Encabezamiento principal Sociedad Dominicana de Geología (SODOGEO)
Otro identificador del documento 2025-0488
Título Geo noticias /
Número Internacional Normalizado para Publicaciones Seriadas 2636-1981
942 ## - ELEMENTOS DE PUNTO DE ACCESO ADICIONAL (KOHA)
Fuente del sistema de clasificación o colocación Dewey Decimal Classification
Tipo de ítem Koha Publicación periódica

No hay ítems disponibles.

Con tecnología Koha